000 01303nkm a2200289 i 4500
001 4273
003 ES-MaACL
005 20250905142201.0
007 khrbo
008 070705s1988 sp --- g |001||spa d
100 0 _aAlfonso,
_d1902-1990
_919858
245 1 0 _aPresentación del libro "Alquimia del deseo" de Alfredo Villaverde [
_hFotografía] /
_cAlfonso (sello).
260 _a[S.l. :
_bs.n.],
_c1988.
300 _a2 fot. :
_bb. y n. ;
_c12 x 18 cm.
500 _aDatos basados en invitación.
511 0 _aIntervienen: Alfredo Villaverde, Alfredo García Huetos, Antonio González-Guerrero; coordina: Elsa López.
518 _aActo organizado por la Sección de Literatura del Ateneo de Madrid, celebrado en la sala de conferencias el viernes, 8 de abril de 1988, a las 20:00 h.
600 1 4 _aVillaverde Gil, Alfredo,
_d1947-
_9115185
600 1 4 _aGarcía Huetos, Alfredo.
_954781
600 1 4 _aGonzález-Guerrero, Antonio.
_958691
600 1 4 _aLópez, Elsa,
_d1943-
_973324
610 2 4 _aAteneo de Madrid-
_xActos culturales-
_y1988-
_vFotografías.
_91903
710 2 _aAteneo de Madrid.
_bSección de Literatura.
_91997
852 _aES-MaACL
_jFOT 87/1988
856 4 _uhttp://www.ateneodemadrid.net/biblioteca_digital/imagenes/1988/0087-1988.jpg
_zVer imagen
999 _c4273
_d4273